Word Ladder: Before and After Pair Quiz Stats

Quiz Updated Dec 6, 2016

Challenge
Share
Tweet
Embed
Score 0/15 Timer 02:00
1 Play Today
Hint 4-Letter Word % Correct
ImpoliteRUDE
95.3%
A step on a ladderRUNG
93.6%
To saturate or marinateSOAK
91.1%
Athlete or muscleheadJOCK
90.7%
'General Hospital,' e.g.SOAP
90.3%
★ A pancake: [Rung 1][Rung 7]' ★
★ Oswald's Killer: [Rung 7] [Rung 15]' ★
★ JACK ★
89.1%
Ancient written characterRUNE
88.8%
Summoned (for), as a servantRANG
88.7%
Hint 4-Letter Word % Correct
Malodorous or stinkyRANK
87.4%
To punch or wallopSOCK
87.3%
Triangle on a pool tableRACK
87.1%
Part of a Three Stooges routineSLAP
86.4%
★ A pancake: [Rung 1][Rung 7]' ★★ FLAP ★
84.6%
Sean Astin football filmRUDY
80.8%
★ Oswald's Killer: [Rung 7] [Rung 15]' ★★ RUBY ★
68.9%

Today's Daily Dose

Missing Word
For Dummies Books

Word Ladder
Ariana Grande

Quick Pick
1970s Authors

On This Day
June 21st II

You're not logged in!

Compare scores with friends on all Sporcle quizzes.
Join for Free
OR
Log In

You Might Also Like...

Show Comments

Extras

Top Quizzes Today


Score Distribution

Your Account Isn't Verified!

In order to create a playlist on Sporcle, you need to verify the email address you used during registration. Go to your Sporcle Settings to finish the process.

Report this User

Report this user for behavior that violates our Community Guidelines.

Details: